<?xml version="1.0" encoding="UTF-8"?>
<record
    xmlns:xsi="http://www.w3.org/2001/XMLSchema-instance"
    xsi:schemaLocation="http://www.loc.gov/MARC21/slim http://www.loc.gov/standards/marcxml/schema/MARC21slim.xsd"
    xmlns="http://www.loc.gov/MARC21/slim">

  <leader>01725nam a2200337 a 4500</leader>
  <controlfield tag="005">20240516122644.0</controlfield>
  <controlfield tag="008">100311s2012||||mx a   f |||| 001 0 spa d</controlfield>
  <datafield tag="020" ind1=" " ind2=" ">
    <subfield code="a">9786071506412</subfield>
  </datafield>
  <datafield tag="041" ind1=" " ind2=" ">
    <subfield code="a">spa</subfield>
  </datafield>
  <datafield tag="092" ind1=" " ind2=" ">
    <subfield code="c">615</subfield>
    <subfield code="l">8</subfield>
    <subfield code="s">BRU</subfield>
  </datafield>
  <datafield tag="245" ind1=" " ind2=" ">
    <subfield code="a">Goodman &amp; Gilman.</subfield>
    <subfield code="b">Las bases farmacol&#xF3;gicas de la terap&#xE9;utica /  </subfield>
    <subfield code="c">Laurence L. Brunton</subfield>
  </datafield>
  <datafield tag="250" ind1=" " ind2=" ">
    <subfield code="a">12a ed.</subfield>
    <subfield code="b">Traducci&#xF3;n Alma Rosa Higuera Murillo, Ana Mar&#xED;a P&#xE9;rez Tamayo Ru&#xED;z, Germ&#xE1;n Arias Rebatet, Jos&#xE9; Luis Gonz&#xE1;lez Hern&#xE1;ndez y Jos&#xE9; Rafael Blengio Pinto</subfield>
  </datafield>
  <datafield tag="260" ind1=" " ind2=" ">
    <subfield code="a">M&#xE9;xico: </subfield>
    <subfield code="b">McGraw-Hill Interamericana;</subfield>
    <subfield code="c">2012.</subfield>
  </datafield>
  <datafield tag="300" ind1=" " ind2=" ">
    <subfield code="a">2035 p.</subfield>
    <subfield code="e">Incluye CD</subfield>
  </datafield>
  <datafield tag="500" ind1=" " ind2=" ">
    <subfield code="a">Brunton, L. L., Knollmann, B. C. y Chabner, B. A. (Eds.). (2012). Goodman &amp; Gilman. Las bases farmacol&#xF3;gicas de la terap&#xE9;utica. (12a ed.). M&#xE9;xico : McGraw-Hill Interamericana. </subfield>
  </datafield>
  <datafield tag="653" ind1=" " ind2=" ">
    <subfield code="a">Principios generales</subfield>
  </datafield>
  <datafield tag="653" ind1=" " ind2=" ">
    <subfield code="a">Neurofarmacolog&#xED;a</subfield>
  </datafield>
  <datafield tag="653" ind1=" " ind2=" ">
    <subfield code="a">Modulaci&#xF3;n de las funciones cardiovasculares</subfield>
  </datafield>
  <datafield tag="653" ind1=" " ind2=" ">
    <subfield code="a">Inflamaci&#xF3;n, inmunomodelaci&#xF3;n y hematopoyesis</subfield>
  </datafield>
  <datafield tag="653" ind1=" " ind2=" ">
    <subfield code="a">Hormonas y antagonistas hormonales</subfield>
  </datafield>
  <datafield tag="653" ind1=" " ind2=" ">
    <subfield code="a">F&#xE1;rmacos que modifican la funci&#xF3;n gastrointestinal</subfield>
  </datafield>
  <datafield tag="653" ind1=" " ind2=" ">
    <subfield code="a">Quimioterapia de las enfermedades microbianas</subfield>
  </datafield>
  <datafield tag="653" ind1=" " ind2=" ">
    <subfield code="a">Tratamiento farmacol&#xF3;gico de las enfermedades neopl&#xE1;sicas</subfield>
  </datafield>
  <datafield tag="653" ind1=" " ind2=" ">
    <subfield code="a">Farmacolog&#xED;a de aparatos y sistemas especiales</subfield>
  </datafield>
  <datafield tag="653" ind1=" " ind2=" ">
    <subfield code="a">Ap&#xE9;ndice I: Principios de la redacci&#xF3;n de prescripciones m&#xE9;dicas (recetas) e instrumentos para el apego del paciente a la prescripci&#xF3;n</subfield>
  </datafield>
  <datafield tag="653" ind1=" " ind2=" ">
    <subfield code="a">Ap&#xE9;ndice II: Dise&#xF1;o y optimizaci&#xF3;n de reg&#xED;menes posol&#xF3;gicos: datos farmacocin&#xE9;ticos</subfield>
  </datafield>
  <datafield tag="700" ind1="1" ind2=" ">
    <subfield code="a">Brunton, Laurence L.</subfield>
    <subfield code="9">555</subfield>
  </datafield>
  <datafield tag="700" ind1="1" ind2=" ">
    <subfield code="a">Chabner, Bruce A.</subfield>
    <subfield code="9">1956</subfield>
  </datafield>
  <datafield tag="700" ind1="1" ind2=" ">
    <subfield code="a">Knollmann, Bj&#xF6;rn C.</subfield>
    <subfield code="9">1957</subfield>
  </datafield>
  <datafield tag="942" ind1=" " ind2=" ">
    <subfield code="2">ddc</subfield>
    <subfield code="c">BK</subfield>
    <subfield code="0">5</subfield>
  </datafield>
  <datafield tag="999" ind1=" " ind2=" ">
    <subfield code="c">1237</subfield>
    <subfield code="d">1237</subfield>
  </datafield>
  <datafield tag="952" ind1=" " ind2=" ">
    <subfield code="0">0</subfield>
    <subfield code="1">0</subfield>
    <subfield code="2">ddc</subfield>
    <subfield code="4">0</subfield>
    <subfield code="7">0</subfield>
    <subfield code="a">BFM</subfield>
    <subfield code="b">BFM</subfield>
    <subfield code="c">CR</subfield>
    <subfield code="d">2013-03-12</subfield>
    <subfield code="g">1500.00</subfield>
    <subfield code="l">110</subfield>
    <subfield code="m">15</subfield>
    <subfield code="o">615 8 BRU</subfield>
    <subfield code="p">2786</subfield>
    <subfield code="r">2023-03-02</subfield>
    <subfield code="s">2022-12-13</subfield>
    <subfield code="t">ej.11</subfield>
    <subfield code="w">2013-03-12</subfield>
    <subfield code="y">BK</subfield>
    <subfield code="z">COMPRA PROYECTO PROMED 2DA ETAPA, MARZO 2013. Sede Tordos. </subfield>
    <subfield code="f"></subfield>
  </datafield>
  <datafield tag="952" ind1=" " ind2=" ">
    <subfield code="0">0</subfield>
    <subfield code="1">0</subfield>
    <subfield code="2">ddc</subfield>
    <subfield code="4">0</subfield>
    <subfield code="7">0</subfield>
    <subfield code="a">BFM</subfield>
    <subfield code="b">BFM</subfield>
    <subfield code="c">CR</subfield>
    <subfield code="d">2013-03-12</subfield>
    <subfield code="g">1500.00</subfield>
    <subfield code="l">118</subfield>
    <subfield code="m">15</subfield>
    <subfield code="o">615 8 BRU</subfield>
    <subfield code="p">2787</subfield>
    <subfield code="r">2025-03-27</subfield>
    <subfield code="s">2025-03-19</subfield>
    <subfield code="t">ej.12</subfield>
    <subfield code="w">2013-03-12</subfield>
    <subfield code="y">BK</subfield>
    <subfield code="z">COMPRA PROYECTO PROMED 2DA ETAPA, MARZO 2013. Sede Tordos.</subfield>
    <subfield code="f"></subfield>
  </datafield>
  <datafield tag="952" ind1=" " ind2=" ">
    <subfield code="0">0</subfield>
    <subfield code="1">0</subfield>
    <subfield code="2">ddc</subfield>
    <subfield code="4">0</subfield>
    <subfield code="7">0</subfield>
    <subfield code="8">NFIC</subfield>
    <subfield code="a">BFM</subfield>
    <subfield code="b">BFM</subfield>
    <subfield code="c">CR</subfield>
    <subfield code="d">2013-09-27</subfield>
    <subfield code="e">PROMED</subfield>
    <subfield code="g">1500.00</subfield>
    <subfield code="l">86</subfield>
    <subfield code="m">14</subfield>
    <subfield code="o">615 8 BRU</subfield>
    <subfield code="p">3155</subfield>
    <subfield code="r">2022-02-18</subfield>
    <subfield code="s">2021-12-13</subfield>
    <subfield code="t">Ej. 13</subfield>
    <subfield code="w">2013-09-27</subfield>
    <subfield code="y">BK</subfield>
    <subfield code="z">Proyecto PROMED Sep/2013 2do a&#xF1;o</subfield>
  </datafield>
  <datafield tag="952" ind1=" " ind2=" ">
    <subfield code="0">0</subfield>
    <subfield code="1">0</subfield>
    <subfield code="2">ddc</subfield>
    <subfield code="4">0</subfield>
    <subfield code="7">0</subfield>
    <subfield code="8">NFIC</subfield>
    <subfield code="a">BFM</subfield>
    <subfield code="b">BFM</subfield>
    <subfield code="c">CR</subfield>
    <subfield code="d">2013-09-27</subfield>
    <subfield code="e">PROMED</subfield>
    <subfield code="g">1500.00</subfield>
    <subfield code="l">91</subfield>
    <subfield code="m">11</subfield>
    <subfield code="o">615 8 BRU</subfield>
    <subfield code="p">3156</subfield>
    <subfield code="r">2026-06-05</subfield>
    <subfield code="s">2026-05-28</subfield>
    <subfield code="t">Ej. 14</subfield>
    <subfield code="w">2013-09-27</subfield>
    <subfield code="y">BK</subfield>
    <subfield code="z">Proyecto PROMED Sep/2013 2do a&#xF1;o. Sede Tordos.</subfield>
    <subfield code="f"></subfield>
  </datafield>
  <datafield tag="952" ind1=" " ind2=" ">
    <subfield code="0">0</subfield>
    <subfield code="1">0</subfield>
    <subfield code="2">ddc</subfield>
    <subfield code="4">0</subfield>
    <subfield code="7">0</subfield>
    <subfield code="8">REF</subfield>
    <subfield code="a">BFM</subfield>
    <subfield code="b">BFM</subfield>
    <subfield code="c">REF</subfield>
    <subfield code="d">2013-09-27</subfield>
    <subfield code="e">PROMED</subfield>
    <subfield code="g">1500.00</subfield>
    <subfield code="l">1</subfield>
    <subfield code="m">9</subfield>
    <subfield code="o">615 8 BRU</subfield>
    <subfield code="p">3157</subfield>
    <subfield code="q">2027-10-11</subfield>
    <subfield code="r">2014-11-06</subfield>
    <subfield code="s">2013-09-27</subfield>
    <subfield code="t">Ej. 15</subfield>
    <subfield code="w">2013-09-27</subfield>
    <subfield code="y">REF</subfield>
    <subfield code="z">Proyecto PROMED Sep/2013 2do a&#xF1;o LIBRO DE CATEDRA</subfield>
  </datafield>
  <datafield tag="952" ind1=" " ind2=" ">
    <subfield code="0">0</subfield>
    <subfield code="1">0</subfield>
    <subfield code="2">ddc</subfield>
    <subfield code="4">0</subfield>
    <subfield code="7">0</subfield>
    <subfield code="8">REF</subfield>
    <subfield code="a">BFM</subfield>
    <subfield code="b">BFM</subfield>
    <subfield code="c">REF</subfield>
    <subfield code="d">2013-09-27</subfield>
    <subfield code="e">PROMED</subfield>
    <subfield code="g">1500.00</subfield>
    <subfield code="l">4</subfield>
    <subfield code="m">5</subfield>
    <subfield code="o">615 8 BRU</subfield>
    <subfield code="p">3158</subfield>
    <subfield code="r">2024-12-20</subfield>
    <subfield code="s">2024-08-27</subfield>
    <subfield code="t">Ej. 16</subfield>
    <subfield code="w">2013-09-27</subfield>
    <subfield code="y">REF</subfield>
    <subfield code="z">Proyecto PROMED Sep/2013 2do a&#xF1;o LIBRO DE CATEDRA</subfield>
  </datafield>
  <datafield tag="952" ind1=" " ind2=" ">
    <subfield code="0">0</subfield>
    <subfield code="1">0</subfield>
    <subfield code="2">ddc</subfield>
    <subfield code="4">0</subfield>
    <subfield code="7">0</subfield>
    <subfield code="8">REF</subfield>
    <subfield code="a">BFM</subfield>
    <subfield code="b">BFM</subfield>
    <subfield code="c">REF</subfield>
    <subfield code="d">2013-09-27</subfield>
    <subfield code="e">PROMED</subfield>
    <subfield code="g">1500.00</subfield>
    <subfield code="l">2</subfield>
    <subfield code="m">9</subfield>
    <subfield code="o">615 8 BRU</subfield>
    <subfield code="p">3159</subfield>
    <subfield code="q">2027-10-11</subfield>
    <subfield code="r">2024-11-08</subfield>
    <subfield code="s">2024-11-08</subfield>
    <subfield code="t">Ej. 17</subfield>
    <subfield code="w">2013-09-27</subfield>
    <subfield code="y">REF</subfield>
    <subfield code="z">Proyecto PROMED Sep/2013 2do a&#xF1;o LIBRO DE CATEDRA</subfield>
  </datafield>
  <datafield tag="952" ind1=" " ind2=" ">
    <subfield code="0">0</subfield>
    <subfield code="1">0</subfield>
    <subfield code="2">ddc</subfield>
    <subfield code="4">0</subfield>
    <subfield code="7">0</subfield>
    <subfield code="8">REF</subfield>
    <subfield code="a">BFM</subfield>
    <subfield code="b">BFM</subfield>
    <subfield code="c">REF</subfield>
    <subfield code="d">2013-09-27</subfield>
    <subfield code="e">PROMED</subfield>
    <subfield code="g">1500.00</subfield>
    <subfield code="l">2</subfield>
    <subfield code="m">9</subfield>
    <subfield code="o">615 8 BRU</subfield>
    <subfield code="p">3160</subfield>
    <subfield code="q">2027-10-11</subfield>
    <subfield code="r">2024-11-08</subfield>
    <subfield code="s">2024-11-08</subfield>
    <subfield code="t">Ej. 18</subfield>
    <subfield code="w">2013-09-27</subfield>
    <subfield code="y">REF</subfield>
    <subfield code="z">Proyecto PROMED Sep/2013 2do a&#xF1;o LIBRO DE CATEDRA</subfield>
  </datafield>
  <datafield tag="952" ind1=" " ind2=" ">
    <subfield code="0">0</subfield>
    <subfield code="1">0</subfield>
    <subfield code="2">ddc</subfield>
    <subfield code="4">0</subfield>
    <subfield code="7">0</subfield>
    <subfield code="8">REF</subfield>
    <subfield code="a">BFM</subfield>
    <subfield code="b">BFM</subfield>
    <subfield code="c">CR</subfield>
    <subfield code="d">2013-09-27</subfield>
    <subfield code="e">PROMED</subfield>
    <subfield code="g">1500.00</subfield>
    <subfield code="l">2</subfield>
    <subfield code="m">10</subfield>
    <subfield code="o">615 8 BRU</subfield>
    <subfield code="p">3161</subfield>
    <subfield code="r">2026-03-10</subfield>
    <subfield code="s">2026-02-23</subfield>
    <subfield code="t">Ej. 19</subfield>
    <subfield code="w">2013-09-27</subfield>
    <subfield code="y">REF</subfield>
    <subfield code="z">Proyecto PROMED Sep/2013 2do a&#xF1;o LIBRO DE CATEDRA</subfield>
  </datafield>
  <datafield tag="952" ind1=" " ind2=" ">
    <subfield code="0">0</subfield>
    <subfield code="1">0</subfield>
    <subfield code="2">ddc</subfield>
    <subfield code="4">0</subfield>
    <subfield code="7">0</subfield>
    <subfield code="8">NFIC</subfield>
    <subfield code="a">BFM</subfield>
    <subfield code="b">BFM</subfield>
    <subfield code="c">CR</subfield>
    <subfield code="d">2014-03-28</subfield>
    <subfield code="e">PROMED</subfield>
    <subfield code="g">1500.00</subfield>
    <subfield code="l">78</subfield>
    <subfield code="m">14</subfield>
    <subfield code="o">615 8 BRU</subfield>
    <subfield code="p">3230</subfield>
    <subfield code="r">2026-03-12</subfield>
    <subfield code="s">2025-12-16</subfield>
    <subfield code="t">Ej. 20</subfield>
    <subfield code="w">2014-03-28</subfield>
    <subfield code="y">BK</subfield>
    <subfield code="z">Proyecto PROMED 3er a&#xF1;o 2014</subfield>
  </datafield>
  <datafield tag="952" ind1=" " ind2=" ">
    <subfield code="0">0</subfield>
    <subfield code="1">0</subfield>
    <subfield code="2">ddc</subfield>
    <subfield code="4">0</subfield>
    <subfield code="7">0</subfield>
    <subfield code="8">NFIC</subfield>
    <subfield code="a">BFM</subfield>
    <subfield code="b">BFM</subfield>
    <subfield code="c">CR</subfield>
    <subfield code="d">2014-03-28</subfield>
    <subfield code="e">PROMED</subfield>
    <subfield code="g">1500.00</subfield>
    <subfield code="l">98</subfield>
    <subfield code="m">12</subfield>
    <subfield code="o">615 8 BRU</subfield>
    <subfield code="p">3231</subfield>
    <subfield code="r">2026-03-17</subfield>
    <subfield code="s">2026-03-09</subfield>
    <subfield code="t">Ej. 21</subfield>
    <subfield code="w">2014-03-28</subfield>
    <subfield code="y">BK</subfield>
    <subfield code="z">Proyecto PROMED 3er a&#xF1;o 2014. Sede Tordos. </subfield>
    <subfield code="f"></subfield>
  </datafield>
  <datafield tag="952" ind1=" " ind2=" ">
    <subfield code="0">0</subfield>
    <subfield code="1">0</subfield>
    <subfield code="2">ddc</subfield>
    <subfield code="4">0</subfield>
    <subfield code="7">0</subfield>
    <subfield code="8">NFIC</subfield>
    <subfield code="a">BFM</subfield>
    <subfield code="b">BFM</subfield>
    <subfield code="c">CR</subfield>
    <subfield code="d">2014-03-28</subfield>
    <subfield code="e">PROMED</subfield>
    <subfield code="g">1500.00</subfield>
    <subfield code="l">81</subfield>
    <subfield code="m">12</subfield>
    <subfield code="o">615 8 BRU</subfield>
    <subfield code="p">3232</subfield>
    <subfield code="r">2024-03-20</subfield>
    <subfield code="s">2024-03-15</subfield>
    <subfield code="t">Ej. 22</subfield>
    <subfield code="w">2014-03-28</subfield>
    <subfield code="y">BK</subfield>
    <subfield code="z">Proyecto PROMED 3er a&#xF1;o 2014</subfield>
  </datafield>
  <datafield tag="952" ind1=" " ind2=" ">
    <subfield code="0">0</subfield>
    <subfield code="1">0</subfield>
    <subfield code="2">ddc</subfield>
    <subfield code="4">0</subfield>
    <subfield code="7">0</subfield>
    <subfield code="a">BFM</subfield>
    <subfield code="b">BFM</subfield>
    <subfield code="c">CR</subfield>
    <subfield code="d">2025-07-23</subfield>
    <subfield code="e">Donaci&#xF3;n Julio 2025</subfield>
    <subfield code="l">1</subfield>
    <subfield code="o">615 8 BRU</subfield>
    <subfield code="p">5047</subfield>
    <subfield code="r">2026-03-06</subfield>
    <subfield code="s">2026-02-12</subfield>
    <subfield code="t">Ej. 30</subfield>
    <subfield code="w">2025-07-23</subfield>
    <subfield code="y">BK</subfield>
    <subfield code="z">Donaci&#xF3;n Julio 2025</subfield>
    <subfield code="f"></subfield>
  </datafield>
</record>
